000 00711nam a2200217 a 4500
999 _c3148
_d3148
001 3148
003 BD-JhCC
005 20171111163302.0
008 171111s1374 bg |||| |||| 000 0 ben d
035 _a(BD-JhCC)3148
040 _aBD-JhCC
_dBD-JhCC
041 _aben
082 _a891.4409
_bMAH 1374
100 _aমাহফুজউল্লাহ্, মোহাম্মদ
245 _aমধূসূদন রবীন্দ্রনাথ /
_cমোহাম্মদ মাহফুজউল্লাহ্
260 _aঢাকা :
_bস্টুডেন্ট ওয়েজ,
_c1374.
300 _a292 p. :
_c21 cm.
650 _aBengali Letirature
942 _2ddc
_cBK